[Event "Southern California-ch 30th"]
[Site "Rancho Cucamonga"]
[Date "2018.07.15"]
[Round "7"]
[White "Clawitter, Craig"]
[Black "Ge, Anthony"]
[Result "0-1"]
[WhiteElo "2056"]
[BlackElo "2085"]
[PlyCount "64"]
[EventDate "2018.07.12"]
[EventType "tourn"]
[EventRounds "7"]
[EventCountry "USA"]
[EventCategory "1"]
[SourceTitle "CBM 185 Extra"]
[Source "ChessBase"]
[SourceDate "2018.07.29"]
[SourceVersion "1"]
[SourceVersionDate "2018.07.29"]
[SourceQuality "1"]

1. e4 c5 2. Nf3 e6 3. d4 cxd4 4. Nxd4 a6 5. Bd3 Nf6 6. 0-0 Qc7 7. c4 b6 8. Kh1 Bb7 9. Nc3 d6 10. Qe2 Nbd7 11. f4 Be7 12. Bd2 0-0 13. Rae1 Rac8 14. Rf3 Rfd8 15. Rh3 Nc5 16. Bb1 Bf8 17. e5 dxe5 18. fxe5 Rxd4 19. exf6 g6 20. Be3 Rdd8 21. Qf2 Nd3 22. Qh4 h5 23. Bxb6 Bxg2+ 24. Kxg2 Nxe1+ 25. Qxe1 Qxb6 26. Rxh5 Qxb2+ 27. Kh1 Qd2 28. Qg3 Qc1+ 29. Kg2 Rd2+ 30. Kh3 Qf1+ 31. Kg4 Rxc4+ 32. Be4 Rg2 0-1